000
00209nam a22001097a 4500
040
_c
HS
082
_a
448
100
_a
SOK PHEAV
245
_a
Manuel De Francais
260
_a
RUA
_b
SOK PHEAV
_c
2011
942
_c
FB
999
_c
8441
_d
8441